000 00731nas a2200253 4500
001 BR2011005560
003 BR-BrBNA
005 20231205115123.0
007 ta
008 230509b bl.|||p| |||| 00| 00por d
040 _aBR-BrBNA
_bpor
_cBiblioteca Nacional de Agricultura
041 _a(Pt)
072 _aF60
100 1 _aGonzaga, D.L.
100 1 _aLatado, R.R.
100 1 _aTulmann Neto, A.
245 1 _aRadiossensibilidade de dois tipos de propágulos de citros
650 _aFRUTA CÍTRICA
650 _aRADIAÇÃO
650 _aRAIO GAMA
773 0 _tBragantia (Brazil)
_xISSN 0006-8705
_g(Jan-Mar 2011), v. 70(1) p. 13-18
_wBR2011005560
909 _a202311
_bLúcia
_c55
_dLúcia Elande
942 _2AGRIS
_n0
_cANA
999 _c212174
_d212174